| LEADER |
00784nam a2200181 a 4500 |
| 001 |
0015953 |
| 003 |
Th-MUT |
| 008 |
181106s9999 xx 000 0 tha d |
| 020 |
|
|
|a 9742755655
|c 35
|
| 040 |
|
|
|a DLC
|c MUT
|
| 050 |
0 |
4 |
|a JQ1745.A1
|b อ73ร63
|
| 100 |
0 |
|
|a อุทัย หิรัญโต
|
| 245 |
1 |
0 |
|a ระบบราชการไทย
|b /
|c อุทัย หิรัญโต
|
| 260 |
|
|
|a กรุงเทพฯ :
|b ทิพย์อักษร,
|c 2530
|
| 300 |
|
|
|a 128 หน้า :
|c 24 ซม.
|
| 500 |
|
|
|a Old book ติดต่อฝ่าย Catalog
|
| 650 |
|
7 |
|a ข้าราชการ
|
| 991 |
|
|
|a MONOGRAPHS
|b 5
|c 2018-11-07 13:07:07
|d 2023-01-06 13:03:37
|e mut
|f n
|g 2018-11-07
|h n
|i a
|j m
|k
|l a
|m
|n a
|o
|p b
|q
|r th
|s tha
|t 2530
|v ระบบราชการไทย /
|